000 00480nam a2200217Ia 4500
008 210210b1964 xxu||||| |||| 00| 0 eng d
041 _aeng
082 _a580/312
100 _aVENKATARAMAN (P)
245 _aText book of biology for PUC
260 _aMangalore
_bNot Mentioned
_c1964
650 _aText
650 _aPUC
650 _aof
650 _afor
650 _abook
650 _abiology
690 _aBotany
700 _aSUDHAKAR (Rao)
906 _a010562
999 _c138330
_d138330